000
00259nam a22001097a 4500
040
_c
HS
082
_a
495
100
_a
សិរិ ម៉ារឌី
245
_a
អង់គ្លេស
260
_a
RUA
_b
សិរិ ម៉ារឌី
_c
2009
942
_c
EK
999
_c
8462
_d
8462